<?xml version="1.0" encoding="UTF-8"?>
<marc:record xmlns:marc="http://www.loc.gov/MARC21/slim">
   <marc:leader>00000nam a2200000 a 4500</marc:leader>
   <marc:datafield ind1="1" ind2=" " tag="100">
      <marc:subfield code="a">Walser, Harald</marc:subfield>
      <marc:subfield code="4">aut</marc:subfield>
      <marc:subfield code="e">Verfasser/-in</marc:subfield>
   </marc:datafield>
   <marc:datafield ind1=" " ind2=" " tag="653">
      <marc:subfield code="a">Konzentrationslager</marc:subfield>
   </marc:datafield>
   <marc:datafield ind1=" " ind2=" " tag="653">
      <marc:subfield code="a">Nationalsozialismus</marc:subfield>
   </marc:datafield>
   <marc:datafield ind1=" " ind2=" " tag="653">
      <marc:subfield code="a">Ausschwitz</marc:subfield>
   </marc:datafield>
   <marc:datafield ind1=" " ind2=" " tag="653">
      <marc:subfield code="a">Widerstand</marc:subfield>
   </marc:datafield>
   <marc:datafield ind1=" " ind2=" " tag="653">
      <marc:subfield code="a">Krankenschwester</marc:subfield>
   </marc:datafield>
   <marc:datafield ind1=" " ind2=" " tag="653">
      <marc:subfield code="a">Softcover / Sachbücher/Geschichte/Biographien</marc:subfield>
   </marc:datafield>
   <marc:datafield ind1=" " ind2=" " tag="653">
      <marc:subfield code="a">Autobiographien</marc:subfield>
   </marc:datafield>
   <marc:datafield ind1="0" ind2="0" tag="245">
      <marc:subfield code="a">Ein Engel in der Hölle von Auschwitz</marc:subfield>
   </marc:datafield>
   <marc:datafield ind1="0" ind2="0" tag="245">
      <marc:subfield code="b">Das Leben der Krankenschwester Maria Stromberger</marc:subfield>
   </marc:datafield>
   <marc:datafield ind1="0" ind2="0" tag="245">
      <marc:subfield code="c">Walser, Harald</marc:subfield>
   </marc:datafield>
   <marc:datafield ind1=" " ind2="1" tag="264">
      <marc:subfield code="a">Wien</marc:subfield>
      <marc:subfield code="b">Falter Verlag</marc:subfield>
      <marc:subfield code="c">2021</marc:subfield>
   </marc:datafield>
   <marc:datafield ind1=" " ind2=" " tag="250">
      <marc:subfield code="a">1. Auflage</marc:subfield>
   </marc:datafield>
   <marc:datafield ind1="1" ind2=" " tag="520">
      <marc:subfield code="a">Angaben aus der Verlagsmeldung&#xD;
&#xD;
Ein Engel in der Hölle von Auschwitz : Das Leben der Krankenschwester Maria Stromberger / von Harald Walser&#xD;
&#xD;
Meinen Reichtum an Liebe habe ich in Auschwitz verstreut, schrieb die österreichische Krankenschwester Maria Stromberger im Juli 1946 resignierend an den ehemaligen Auschwitz-Häftling Edward Py nach Polen. Sie befand sich in einem Internierungslager für ehemalige Nationalsozialisten  wie sie schreibt mitten unter Nazis, SS, Gestapo. Das traf sie doppelt, hatte die erbitterte Gegnerin des NS-Staates doch in Auschwitz aktiv Widerstand geleistet, viele Häftlinge gerettet, Kurierdienste erledigt, Waffen und Sprengstoff geschmuggelt.&#xD;
&#xD;
Nachdem sie zwei ehemalige Auschwitzhäftlinge, die im Fieberwahn über Auschwitz berichteten, gepflegt hatte, ließ sie sich am 1942 freiwillig ins KZ Auschwitz versetzen, mit der Begründung: Ich will sehen, wie es wirklich ist, vielleicht kann ich auch etwas Gutes tun.&#xD;
&#xD;
Die in der Geschichte des österreichischen Widerstands wohl einzigartige Frau war zu Lebzeiten zwar in Polen hoch angesehen, wurde in ihrer Heimat aber kaum gewürdigt. Dank vieler neuer Quellen legt der Autor hier eine umfassende Biografie Maria Strombergers vor.</marc:subfield>
   </marc:datafield>
   <marc:datafield ind1=" " ind2=" " tag="020">
      <marc:subfield code="a">9783854397021</marc:subfield>
      <marc:subfield code="9">9783854397021</marc:subfield>
   </marc:datafield>
   <marc:datafield ind1=" " ind2=" " tag="020">
      <marc:subfield code="a">385439702x</marc:subfield>
      <marc:subfield code="9">385439702x</marc:subfield>
   </marc:datafield>
   <marc:datafield ind1=" " ind2=" " tag="041">
      <marc:subfield code="a">ger</marc:subfield>
   </marc:datafield>
   <marc:datafield ind1=" " ind2=" " tag="338">
      <marc:subfield code="a">Band</marc:subfield>
   </marc:datafield>
   <marc:datafield ind1=" " ind2=" " tag="300">
      <marc:subfield code="a">256 Seiten</marc:subfield>
   </marc:datafield>
</marc:record>
